Top 10 most common last names in Kosovo - Statistics

General Stats
  • This quiz has been taken 72 times
  • The average score is 4 of 10
Answer Stats
Ranking Number Last name % Correct
1st 58 199 Krasniqi
80%
3rd 43 727 Berisha
69%
2nd 57 396 Gashi
67%
5th 25 585 Shala
39%
4th 27 222 Morina
27%
10th 12 709 Hoti
25%
6th 18 840 Bytyqi
22%
8th 13 015 Kastrati
20%
7th 13 187 Hasani
14%
9th 12 882 Kryeziu
14%
No matching quizzes found
Score Distribution
Percent of People with Each Score
Percentile by Number Answered
Your Score History
You have not taken this quiz